00646nam a2200217 a 4500001001300000003000900013005001700022008004100039020002300080082001500103100001800118245003700136260002900173300000900202500003500211505003400246902000800280942000700288952011600295999001700411nice12345678IN_TiNIC20260116014436.0050524s2004 lona grp 000 0 eng  a1569570205 c19500a297.4bBAY aBayat, Mojdeh aTales from the Land of the Sufis aLondonbShambhala c2004 a176p aincludes index and biblioraphy2 aNotes, Glossary, Bibliography bSRS cBK 001040708StackRoom-aHMIbHMId2009-03-16g195.00l0o297.4 BAYp020812r2020-02-12v195.00w2005-05-24yBK c15334d15334